000 00476nam a2200169 i 4500
001 50134
003 ES-MaACL
005 20230906162129.0
007 t|
008 030731m19711973sp ||||1| spa d
245 0 0 _aCromatografía de gases /
_cM. V. Dabrio Bañuls ... [et al.].
250 _a[1ª ed.].
260 _aMadrid :
_bAlhambra,
_c[1971-73]
300 _a2 v. :
_bil. ;
_c20 cm.
700 1 _aDabrio Bañuls, M.V.
_942406
852 _aES-MaACL
_jC-55660-1
_bR.78999
999 _c50134
_d50134